000 00382nam a2200157Ia 4500
008 210210b1975 xxu||||| |||| 00| 0 eng d
082 _a547 THOO
100 _aTHOMAS (P M).
245 _aOrganic chemistry.Ed 5.
250 _a
260 _aN D
_bS. Chand & Co. Ltd.
_c1975
300 _aviii,821
650 _aOrganic Chemistry
690 _aOrganic Chemistry
906 _a031605
999 _c82565
_d82565